[Event "Unna op"]
[Site "Unna"]
[Date "2008.12.27"]
[Round "1"]
[White "Luetke, Jens"]
[Black "Schoetz, Ralf"]
[Result "1-0"]
[WhiteElo "2354"]
[BlackElo "1793"]
[PlyCount "93"]
[EventDate "2008.12.27"]
[EventType "swiss"]
[EventRounds "7"]
[EventCountry "GER"]
[SourceTitle "CBM 128 Extra"]
[Source "ChessBase"]
[SourceDate "2009.03.05"]
[SourceVersion "2"]
[SourceVersionDate "2009.03.25"]
[SourceQuality "1"]

1. e4 e6 2. d4 d5 3. e5 c5 4. c3 Nc6 5. Nf3 Bd7 6. a3 c4 7. h4 Qc7 8. h5 Na5 9. Nbd2 f6 10. h6 0-0-0 11. g3 Nxh6 12. exf6 gxf6 13. Nxc4 dxc4 14. Bxh6 Bc6 15. Bxf8 Rhxf8 16. Qe2 Nb3 17. Rd1 Kb8 18. Rh4 e5 19. d5 Rxd5 20. Rxd5 Bxd5 21. Nd2 Nxd2 22. Qxd2 Rd8 23. Qc2 Bf3 24. Rxc4 Qf7 25. Be2 Bd5 26. Rh4 f5 27. Qc1 e4 28. Qg5 Qd7 29. Rxh7 Qd6 30. Rh6 Qd7 31. Rh7 Qd6 32. Qf4 Qxf4 33. gxf4 Rd6 34. b4 Rg6 35. c4 Bc6 36. Kd2 Kc8 37. b5 Bd7 38. c5 a6 39. c6 bxc6 40. bxa6 Rd6+ 41. Kc3 Kc7 42. a7 Kb7 43. Ba6+ Ka8 44. Re7 c5 45. Bc4 Kxa7 46. Bb5 Kb6 47. Rxd7 1-0